Az Európai Unió válságkezelésének és misszióinak elemzése

Bibliographic Details
Main Author: Kolár Zsófi
Other Authors: Vándor Dr. János
Format: Thesis
Kulcsszavak:Európai Unió
Válságkezelés
Misszió
Online Access:http://dolgozattar.uni-bge.hu/22564

MARC

LEADER 00000nta a2200000 i 4500
001 dolg22564
005 20200430102256.0
008 190517suuuu hu om 000 hun d
040 |a BGE Dolgozattár Repozitórium  |b hun 
041 |a hu 
100 1 |a Kolár Zsófi 
245 1 3 |a Az Európai Unió válságkezelésének és misszióinak elemzése  |c Kolár Zsófi  |h [elektronikus dokumentum] 
695 |a Európai Unió 
695 |a Válságkezelés 
695 |a Misszió 
700 1 |a Vándor Dr. János  |e ths 
856 4 0 |u http://dolgozattar.uni-bge.hu/22564/1/KolarZsofi_A1I6PM_AzEuropaiUniovalsagkezelesenekesmisszioinakelemzese.pdf  |z Dokumentum-elérés